| 000 | 00487nam a22001457a 4500 | ||
|---|---|---|---|
| 027 | _qHard Cover. | ||
| 040 | _cSINES-NUST. | ||
| 082 |
_a570.2 _bZAH |
||
| 100 |
_aSyeda Aneela Zahra Shamsi. _998631 |
||
| 245 |
_aApplication of Algorithms to Develop ASD Investigation Process for Early Screening of Autism in Toddlers / _cShamsi, Syeda Aneela Zahra |
||
| 260 |
_aIslamabad: _bSINES-NUST, _c2022. |
||
| 300 |
_a81 p. : _bill. ; _c30cm. |
||
| 650 | _xMS-Bioinformatics. | ||
| 942 |
_2ddc _cTHE |
||
| 999 |
_c591337 _d591337 |
||